Partir la bas (Disney) - Statistiques

Statistiques générales
  • Ce quiz a été pris 283 fois
    248 depuis la dernière actualisation
  • Le résultat moyen est 211 sur 261
Statistiques - réponses
Hint Réponse % Correct
5 | 79 | 161 | +2 others j'
100%
55 | 65 | 206 J'
100%
112 | 140 s'
100%
151 S'
100%
72 à
99%
6 | 56 | 66 | +2 others ai
98%
144 | 148 | 224 l'
98%
96 | 102 | 134 | 232 le
97%
105 Le
97%
23 | 93 | 99 | +5 others je
95%
169 Je
95%
15 | 87 | 90 m'
95%
228 | 237 qu'
95%
172 | 230 | 236 ce
94%
28 par
94%
178 d'
93%
29 | 257 la
93%
167 | 260
93%
117 n'
93%
4 | 12 | 22 | +3 others que
93%
136 | 256 de
91%
43 | 57 | 59 | +7 others des
90%
13 | 182 les
90%
188 Les
90%
116 On
90%
225 on
90%
120 part
90%
2 | 32 | 35 | 38 ces
89%
109 | 137 ces...
89%
166 | 177 | 259 partir
89%
85 | 171 tout
89%
45 En
88%
80 | 121 | 192 en
88%
34 | 69 | 89 | +2 others et
88%
195 Et
88%
168 | 261 bas.
87%
47 | 86 | 111 | 139 ça
87%
42 comme
87%
160 Comme
87%
209 mon
87%
53 | 76 un
86%
242 Un
86%
226 me
85%
8 Ne
85%
18 ne
85%
143 Si
85%
147 | 163 si
85%
24 | 193 suis
85%
10 | 20 | 48 tu
85%
74 Tu
85%
92 | 98 | 215 moi
84%
211 Moi
84%
129 | 176 pour
84%
180 Pour
84%
145 | 149 homme
83%
75 | 213 | 217 veux
83%
30 vie.
83%
159 jour.
82%
243 jour
82%
11 | 21 pas
82%
49 te
82%
146 marche,
81%
157 au
80%
110 | 138 Comment
80%
104 danser.
80%
132 danser
80%
125 Il
80%
152 | 238 il
80%
1 Tous
80%
101 | 106 voir
80%
94 | 100 voudrai
80%
162 aimerais,
79%
258 mer
79%
115 pieds.
79%
108 | 154 | 253 sur
79%
60 | 63 trucs
79%
83 tas.
78%
179 ici.
77%
97 | 103 monde
77%
186 sable
77%
19 vois
77%
31 Vois
77%
113 appelle,
76%
141 appelle...
76%
9 crois
76%
73 gogo.
76%
158 grand
76%
153 peut
76%
165 pouvais
76%
40 qui
76%
155 terre
76%
254 terre,
76%
150 court.
75%
128 jambes
75%
84 Mais
75%
118 va
75%
187 chaud.
74%
64 chouettes.
74%
170 donnerai
74%
51 oui,
74%
78 baba,
73%
25 bien
73%
41 brillent
73%
81 | 229 | 235 est
73%
14 fées
73%
107 marcher
73%
16 ont
73%
95 parcourir
73%
3 secrets,
73%
77 tire
73%
33 trésors
73%
122 battant
72%
185 du
72%
91 ennuie
72%
126 faut
72%
119 nulle
72%
44 soleils.
72%
17 comblée
71%
50 dis
71%
27 gâtée
71%
88 indiffère
71%
36 merveilles.
71%
124 nageoires.
71%
26 trop
71%
210 choix.
70%
52 c'est
69%
189 hommes
69%
54 paradis.
69%
156 | 199 rêver
69%
200 | 249 sans
69%
130 sauter
69%
208 fais
68%
39 richesses
68%
194 certaine.
67%
190 comprennent,
67%
183 grains
67%
37 Toutes
67%
240 déjà
66%
184 dorés
66%
46 voyant
66%
241 brûle.
64%
181 caresser
64%
233 feu,
64%
203 sirènes,
64%
202 Femmes
63%
204 femmes
63%
205 humaines.
63%
142 rues.
63%
58 gadgets,
62%
135 long
62%
218 pouvoir
62%
221 questions
62%
214 savoir,
62%
227 réponde
61%
219 poser
60%
197 filles
59%
246 | 248 partirai
59%
198 peuvent
59%
234 pourquoi
59%
239 quoi
59%
114 ah
58%
61 chocs,
58%
7 gardés.
58%
250 aucun
57%
196 leurs
57%
255 loin
57%
244 viendra,
57%
252 Vivre
57%
251 regret.
56%
133 Flâner
55%
201 frayeur.
52%
71 couacs
45%
68 couics
44%
Aucun quiz correspondant
Distribution des résultats
% des personnes avec chaque résultat
Percentile par nombre de réponses
Votre historique - résultats
Vous n’avez pas pris ce quiz depuis la dernière actualisation